Guess the 1960s song lyrics #51 - Statistics

General Stats
  • This quiz has been taken 25 times
  • The average score is 152 of 219
Answer Stats
Answer % Correct
m
100%
the
100%
a
95%
be
95%
I
95%
me
95%
of
95%
on
95%
at
91%
to
91%
To
91%
who
91%
You
91%
you
91%
and
86%
I'm
86%
in
86%
In
86%
no
86%
not
86%
only
86%
that
86%
for
82%
For
82%
It
82%
it
82%
just
82%
love
82%
my
82%
see
82%
time
82%
by
77%
Am
73%
boy
73%
don't
73%
eyes
73%
It's
73%
Oh
73%
or
73%
way
73%
All
68%
But
68%
I'll
68%
I've
68%
say
68%
So
68%
this
68%
wants
68%
any
64%
beat
64%
can't
64%
different
64%
drum
64%
Every
64%
If
64%
make
64%
will
64%
ain't
59%
live
59%
ready
59%
We'll
59%
without
59%
get
55%
got
55%
place
55%
sayin
55%
thing
55%
out
50%
tell
50%
try
50%
pretty
45%
person
41%
saying
41%
forest
36%
honey
36%
trees
36%
wrong
36%
Yes
36%
both
32%
leavin
32%
market
32%
pull
32%
reins
32%
run
32%
work
32%
cry
27%
goodbye
27%
lot
27%
knock
23%
longer
23%
sense
23%
Travel
23%
child
18%
cryin
18%
doubts
18%
grievin
18%
Whoa
14%
moan
9%
No matching quizzes found
Score Distribution
Percent of People with Each Score
Percentile by Number Answered
Your Score History
You have not taken this quiz